Catálogo de la Biblioteca Horacio González - Universidad Nacional de General Sarmiento

Formación de palabras en español : (Registro nro. 16783)

Detalles MARC
000 -CABECERA
campo de control de longitud fija 00962nam a22002770a 4500
001 - NÚMERO DE CONTROL
campo de control PT15537
003 - IDENTIFICADOR DEL NÚMERO DE CONTROL
campo de control AR-LpoUNG
005 - FECHA Y HORA DE LA ÚLTIMA TRANSACCIÓN
campo de control 20210131232646.0
008 - DATOS DE LONGITUD FIJA--INFORMACIÓN GENERAL
campo de control de longitud fija 191001s1990||||sp |||||||||||||||||spa d
020 ## - NÚMERO INTERNACIONAL ESTÁNDAR DEL LIBRO
Número Internacional Estándar del Libro 8437611458
Condiciones de disponibilidad $14.66
040 ## - FUENTE DE LA CATALOGACIÓN
Centro catalogador/agencia de origen AR-LpoUNG
Lengua de catalogación spa
Centro/agencia transcriptor AR-LpoUNG
Normas de descripción aacr
041 ## - CÓDIGO DE LENGUA
Código de lengua del texto/banda sonora o título independiente spa
044 ## - CÓDIGO DEL PAÍS DE LA ENTIDAD EDITORA/PRODUCTORA
Código MARC del país sp
082 0# - NÚMERO DE LA CLASIFICACIÓN DECIMAL DEWEY
Número de clasificación 410 271for
100 1# - ENTRADA PRINCIPAL--NOMBRE DE PERSONA
Nombre de persona Lang, Mervin F.
245 10 - MENCIÓN DE TÍTULO
Título Formación de palabras en español :
Resto del título morfología derivativa productiva en el léxico moderno
250 ## - MENCIÓN DE EDICIÓN
Mención de edición 3ra. ed.
260 ## - PUBLICACIÓN, DISTRIBUCIÓN, ETC.
Lugar de publicación, distribución, etc. Madrid :
Nombre del editor, distribuidor, etc. Cátedra,
Fecha de publicación, distribución, etc. 1990.
300 ## - DESCRIPCIÓN FÍSICA
Extensión 323 p. :
Otras características físicas gráfs., mapas
520 ## - SUMARIO, ETC.
Sumario, etc. Estudio sobre la formación de palabras en español en un período de dinámica evolución y creatividd léxicas. Aunque el contexto de la obra está referido al español peninsular, también hace referencia al español de América.
653 ## - TÉRMINO DE INDIZACIÓN--NO CONTROLADO
Término no controlado LENGUA
653 ## - TÉRMINO DE INDIZACIÓN--NO CONTROLADO
Término no controlado LEXICO
700 1# - PUNTO DE ACCESO ADICIONAL--NOMBRE DE PERSONA
Nombre de persona Miranda Poza, Alberto
Término indicativo de función/relación tr.
905 ## - ELEMENTOS DE DATOS E LOCAL, LDE (RLIN)
a 15537
942 ## - ELEMENTOS DE PUNTO DE ACCESO ADICIONAL (KOHA)
Tipo de ítem Koha Libro
Existencias
Estado de retiro Estado de pérdida Estado dañado No para préstamo Código de colección Localización permanente Ubicación/localización actual Fecha de adquisición Total de préstamos Signatura topográfica completa Código de barras Fecha visto por última vez Precio válido a partir de Tipo de ítem Koha
        Colección General Biblioteca Universidad Nacional de General Sarmiento Biblioteca Universidad Nacional de General Sarmiento 31/01/2021   410 271for 00020114 31/01/2021 31/01/2021 Libro